| 000 | 01391cam a22003374a 4500 | ||
|---|---|---|---|
| 001 | 13678908 | ||
| 003 | OSt | ||
| 005 | 20240614130521.0 | ||
| 008 | 040806s2005 mau b 001 0 eng | ||
| 010 | _a 2004046386 | ||
| 020 | _a0817643540 (alk. paper) | ||
| 040 |
_aDLC _cDLC _dDLC |
||
| 042 | _apcc | ||
| 050 | 0 | 0 |
_aQA671 _b.G46 2005 |
| 082 | 0 | 0 |
_a516.373 _bCAL/G |
| 245 | 0 | 0 |
_aGeometric mechanics on Riemannian manifolds : _bapplications to partial differential equations / _cOvidiu Calin, Der-Chen Chang. |
| 260 |
_aBoston : _bBirkhäuser, _cc2005. |
||
| 300 |
_axv, 278 p. ; _c24 cm. |
||
| 504 | _aIncludes bibliographical references (p. [271]-273) and index. | ||
| 650 | 0 | _aRiemannian manifolds. | |
| 650 | 0 | _aGlobal Riemannian geometry. | |
| 650 | 0 | _aMechanics, Analytic. | |
| 650 | 0 | _aDifferential equations, Partial. | |
| 700 | 1 |
_aCalin, Ovidiu _99652 |
|
| 700 | 1 | _aChang, Der-chen E. | |
| 856 | 4 | 2 |
_3Publisher description _uhttp://www.loc.gov/catdir/enhancements/fy0812/2004046386-d.html |
| 856 | 4 | 1 |
_3Table of contents only _uhttp://www.loc.gov/catdir/enhancements/fy0812/2004046386-t.html |
| 906 |
_a7 _bcbc _corignew _d1 _eocip _f20 _gy-gencatlg |
||
| 942 |
_2ddc _cBK _h516.373 _iCAL/G _k516.373 _mCAL/G |
||
| 999 |
_c42342 _d42342 |
||